[Event "Pirgou Sphlios op 2nd"]
[Site "Greece"]
[Date "2007.08.16"]
[Round "1"]
[White "Pavlidis, Dimitrios"]
[Black "Marathias, Panos"]
[Result "1-0"]
[WhiteElo "1920"]
[BlackElo "1015"]
[PlyCount "41"]
[EventDate "2007.08.16"]
[EventType "swiss"]
[EventRounds "7"]
[EventCountry "GRE"]
[SourceTitle "EXT 2008"]
[Source "ChessBase"]
[SourceDate "2007.11.25"]
[SourceVersion "1"]
[SourceVersionDate "2007.11.25"]
[SourceQuality "1"]

1. e4 c5 2. Nf3 d6 3. d4 cxd4 4. Nxd4 Nf6 5. Nc3 a6 6. Be2 e5 7. Nb3 Be6 8. 0-0 Be7 9. Be3 0-0 10. f3 Nbd7 11. Nd5 Bxd5 12. exd5 Nb6 13. c4 Rc8 14. Rc1 Na4 15. Qd2 Nc5 16. Rfd1 Qb6 17. Na5 Qc7 18. b4 Ncd7 19. c5 Rfd8 20. c6 Nb8 21. cxb7 1-0